90 Sekunden-Länder der Welt auf einer Karte (Experiment) - Statistiken

Allgemein
  • Dieses Quiz wurde 345 mal gespielt
  • Das Durchschnittsergebnis liegt bei 37 aus 196
Antworten auf der Karte
Die Antworten werden auf der Karte rot bzw. grün angezeigt, abhängig davon wie oft sie richtig erraten wurden.
 
Antwortstatistiken
Land % Korrekt
Vereinigte Staaten
93%
Kanada
86%
Russland
81%
Deutschland
79%
China
76%
Brasilien
70%
Mexiko
70%
Spanien
69%
Frankreich
65%
Indien
62%
Australien
61%
Schweden
61%
Norwegen
57%
Chile
56%
Italien
55%
Japan
52%
Dänemark
51%
Finnland
50%
Island
50%
Portugal
49%
Argentinien
48%
Irland
47%
Peru
47%
Polen
47%
Ukraine
41%
Irak
39%
Iran
39%
Vereinigtes Königreich
39%
Schweiz
38%
Demokratische Republik Kongo
31%
Mongolei
31%
Oman
31%
Algerien
30%
Belgien
30%
Mali
30%
Republik Kongo
30%
Südafrika
30%
Türkei
29%
Indonesien
28%
Kuba
28%
Neuseeland
28%
Niederlande
28%
Niger
28%
Ägypten
27%
Jemen
27%
Kolumbien
27%
Bolivien
25%
Österreich
25%
Sudan
25%
Litauen
24%
Marokko
24%
Südkorea
24%
Estland
23%
Lettland
23%
Nigeria
23%
Kasachstan
22%
Uruguay
22%
Libyen
20%
Panama
20%
Venezuela
20%
Tschad
19%
Ecuador
18%
Nordkorea
18%
Saudi-Arabien
18%
Togo
18%
Vereinigte Arabische Emirate
18%
Haiti
17%
Paraguay
17%
Andorra
16%
Israel
16%
Syrien
16%
Thailand
16%
Belarus
15%
Ghana
15%
Monaco
15%
Nauru
15%
Tonga
15%
Tschechien
15%
Angola
14%
Belize
14%
Laos
14%
Malta
14%
Palau
14%
Bahamas
13%
Griechenland
13%
Nepal
13%
Serbien
13%
Benin
12%
Bhutan
12%
Fidschi
12%
Jamaika
12%
Kenia
12%
Madagaskar
12%
Nicaragua
12%
Vatikanstadt
12%
Vietnam
12%
Dominikanische Republik
11%
Guyana
11%
Honduras
11%
Katar
11%
Pakistan
11%
Samoa
11%
Südsudan
11%
Taiwan
11%
Tunesien
11%
Ungarn
11%
Costa Rica
10%
Guatemala
10%
Luxemburg
10%
Namibia
10%
San Marino
10%
Slowakei
10%
Slowenien
10%
Somalia
10%
Sri Lanka
10%
Suriname
10%
Zypern
10%
Kroatien
9%
Malaysia
9%
Rumänien
9%
St. Kitts und Nevis
9%
Vanuatu
9%
Afghanistan
8%
Albanien
8%
Brunei
8%
Jordanien
8%
Kiribati
8%
Kuwait
8%
Ruanda
8%
Singapur
8%
St. Lucia
8%
Bahrain
7%
Barbados
7%
Bulgarien
7%
Dominica
7%
El Salvador
7%
Gambia
7%
Guinea
7%
Kosovo
7%
Lesotho
7%
Libanon
7%
Malawi
7%
Osttimor
7%
Salomonen
7%
Sambia
7%
Senegal
7%
St. Vincent und die Grenadinen
7%
Trinidad und Tobago
7%
Tuvalu
7%
Uganda
7%
Antigua und Barbuda
6%
Grenada
6%
Liechtenstein
6%
Malediven
6%
Moldawien
6%
Myanmar
6%
Papua-Neuguinea
6%
Philippinen
6%
Seychellen
6%
Tansania
6%
Zentralafrikanische Republik
6%
Äthiopien
5%
Bangladesch
5%
Burundi
5%
Föderierte Staaten von Mikronesien
5%
Kambodscha
5%
Kamerun
5%
Marshallinseln
5%
Mauretanien
5%
Mauritius
5%
Mosambik
5%
São Tomé und Príncipe
5%
Usbekistan
5%
Bosnien und Herzegowina
4%
Gabun
4%
Komoren
4%
Liberia
4%
Tadschikistan
4%
Armenien
3%
Botswana
3%
Eritrea
3%
Eswatini
3%
Georgien
3%
Kap Verde
3%
Äquatorial-Guinea
2%
Guinea-Bissau
2%
Kirgisistan
2%
Montenegro
2%
Nordmazedonien
2%
Simbabwe
2%
Turkmenistan
2%
Aserbaidschan
1%
Burkina Faso
1%
Dschibuti
1%
Elfenbeinküste
1%
Sierra Leone
1%
Keine übereinstimmenden Quizze gefunden
Verteilung der Resultate
Anzahl Personen mit jedem Resultat
Perzentil nach korrekt beantworteten Fragen
Ihre Resultats-Entwicklung
Sie haben dieses Quiz noch nicht gespielt